000 00963nam a2200241 i 4500
001 185332
003 ES-MaACL
005 20241110171119.0
008 160523s1900 xxk |||| | eng d
110 2 _aBernard Quaritch (Firma)
_9159203
245 1 0 _aCatalogue of spanish & portuguese and also of italian literature :
_boffered at the net prices affixed /
_cby Bernard Quaritch.
260 _aLondon :
_bBernard Quaritch,
_c1900.
300 _a134 p. ;
_c24 cm.
594 _aPrecede al tít.: nº 202, november 1900.
610 2 4 _aBernard Quaritch (Firma)-
_vCatálogos.
_9159595
650 4 _aLibros-
_vCatálogos comerciales.
_9159004
650 0 4 _aLiteratura española-
_vBibliografías.
_914554
650 4 _aLiteratura portuguesa-
_vBibliografías.
_9136432
650 4 _aLiteratura italiana-
_vBibliografías.
_9169788
852 _aES-MaACL
_jT-969-F-13
_z.- Enc. en un vol. facticio, con la cub. original
942 _2udc
999 _c185332
_d185332